Đặc trưng giới tính biểu hiện qua từ xưng hô trong giao tiếp của người Việt ở Nam Bộ Luận văn thạc sĩ Ngữ Văn. Chuyên ngành: Ngôn ngữ Việt Nam. Mã số: 60220102

Gespeichert in:
Bibliographische Detailangaben
1. Verfasser: Nguyễn, Lê Tiểu Ny
Weitere Verfasser: Trần Thanh Vân (Hướng dẫn)
Format: Abschlussarbeit Paket Buch
Veröffentlicht: Đồng Tháp Đại học Đồng Tháp 2016
Schlagworte:
Tags: Tag hinzufügen
Keine Tags, Fügen Sie den ersten Tag hinzu!
Thư viện lưu trữ: Trung tâm Học liệu Lê Vũ Hùng, Trường Đại học Đồng Tháp
LEADER 01349ppm a22003258a 4500
001 00036145
005 20171026081025.0
008 170214s2016 ||||||Viesd
041 0 # |a Vie 
082 1 4 |b Đ113TR  |a 495.922 
100 1 # |a Nguyễn, Lê Tiểu Ny 
245 0 0 |a Đặc trưng giới tính biểu hiện qua từ xưng hô trong giao tiếp của người Việt ở Nam Bộ  |b Luận văn thạc sĩ Ngữ Văn. Chuyên ngành: Ngôn ngữ Việt Nam. Mã số: 60220102  |c Nguyễn Lê Tiểu Ny;Hướng dẫn khoa học: Trần Thanh Vân 
260 # # |a Đồng Tháp  |b Đại học Đồng Tháp  |c 2016 
300 # # |a 124tr.  |c 30cm  |e 1 bản tóm tắt 
500 # # |a ĐTTS ghi: Bộ giáo dục và đào tạo. Trường Đại học Đồng Tháp 
653 # # |a Giới tính 
653 # # |a Giao tiếp 
653 # # |a Luận văn 
653 # # |a Việt Nam 
653 # # |a Từ xưng hô 
653 # # |a Tiếng Việt 
653 # # |a Nghề biển 
700 1 # |a Trần Thanh Vân  |e Hướng dẫn 
852 # # |j LV.0001141  |j LV.0001562 
852 # # |b Kho đọc SĐH  |j LV.0001141 
910 |d 14/02/2017 
980 # # |a Trung tâm Học liệu Lê Vũ Hùng, Trường Đại học Đồng Tháp